Normal view
MARC view
Entry Personal Name
001 - CONTROL NUMBER
- control field: 1134290
003 - CONTROL NUMBER IDENTIFIER
- control field: OSt
005 - DATE AND TIME OF LATEST TRANSACTION
- control field: 20260320201124.0
008 - FIXED-LENGTH DATA ELEMENTS
- fixed length control field: 260320|| aca||aabn | a|a d
040 ## - CATALOGING SOURCE
- Original cataloging agency: OSt
- Transcribing agency: OSt
100 ## - HEADING--PERSONAL NAME
- Personal name: Kumamoto
670 ## - SOURCE DATA FOUND
- Source citation: Work cat.: (OSt)1719037: Kumamoto, Probabilistic Risk Assessment and Management for Engineers and Scientists
